000 01297nam a2200361 i 4500
001 12979
003 KOSZ 005
005 20230213145316.0
008 080212s1964 pl a f 000 0 pol
015 _aPB 1965/390
040 _aWA N
_cWA N
_dKOSZ 005/RW
_dKOSZ 005/HR
046 _k1964
080 _a621
100 1 _aRodziewicz, Marian
_eAutor
245 1 0 _aWygładzanie luźnym ścierniwem w pojemnikach /
_cMarian Rodziewicz.
260 _aWarszawa :
_bWydawnictwa Naukowo-Techniczne,
_c1964.
300 _a247, [1] s. :
_bil. ;
_c23 cm.
336 _2rdacontent
_aTekst
_btxt
337 _2rdamedia
_aBez urządzenia pośredniczącego
_bn
338 _2rdacarrier
_aWolumin
_bnc
380 _aKsiążki
388 _a1901-2000
388 _a1945-1989
504 _aBibliogr. s. 247-[248].
521 8 _aDla konstruktorów i technologów zatrudnionych w przemyśle metalowym oraz dla słuchaczy wyższych i średnich szkół technicznych.
650 4 _aMetale
650 4 _aObróbka plastyczna
655 4 _aPodręcznik
658 _aInżynieria i technika
710 2 _aWydawnictwa Naukowo-Techniczne
_4pbl.
856 _uhttp://koha.tu.koszalin.pl/cgi-bin/koha/opac-detail.pl?biblionumber=12979
_yKatalog online BPK
942 _2UKD
_cKS
999 _c12979
_d12979